Statistics for Otočne države

Click here to take the quiz!

General Stats

  • This quiz has been taken 100 times
  • The average score is 26 of 47

Answer Stats

KontinentDržava% Correct
EvropaMalta
96%
EvropaIsland
94%
EvropaKipar
89%
EvropaIrska
87%
AfrikaMadagaskar
87%
EvropaUjedinjeno Kraljevstvo
85%
AzijaJapan
84%
AzijaIndonezija
80%
OkeanijaNovi Zeland
80%
AzijaŠri Lanka
80%
AzijaFilipini
70%
Sjeverna AmerikaJamajka
70%
Sjeverna AmerikaKuba
70%
AfrikaSejšeli
62%
Sjeverna AmerikaSveta Lucija
61%
AzijaMaldivi
58%
Sjeverna AmerikaBahami
57%
Sjeverna AmerikaDominika
57%
AzijaTajvan
57%
Sjeverna AmerikaHaiti
52%
Sjeverna AmerikaDominikanska Republika
51%
OkeanijaFidži
51%
AfrikaMauricijus
51%
AfrikaZelenortski otoci
51%
Sjeverna AmerikaBarbados
49%
Sjeverna AmerikaAntigva i Barbuda
48%
AzijaSingapur
48%
AfrikaSveti Toma i Princip
48%
OkeanijaTonga
48%
OkeanijaTuvalu
48%
OkeanijaMaršalovi otoci
46%
OkeanijaSamoa
46%
Sjeverna AmerikaTrinidad i Tobago
46%
OkeanijaNauru
44%
OkeanijaPalau
44%
AzijaIstočni Timor
43%
OkeanijaPapua Nova Gvineja
43%
AzijaBrunej
41%
AfrikaKomori
41%
OkeanijaVanuatu
41%
OkeanijaKiribati
39%
OkeanijaMikronezija
38%
Sjeverna AmerikaGrenada
37%
OkeanijaSolomonski otoci
34%
Sjeverna AmerikaSveti Kits i Nevis
30%
Sjeverna AmerikaSveti Vincent i Grenadini
30%
AzijaBahrein
28%

Score Distribution

Percentile by Number Answered

Percent of People with Each Score

Your Score History

You have not taken this quiz